|
|
|
|
| LEADER |
01127nam a2200325 a 4500 |
| 001 |
AAL1111 |
| 003 |
BD-DhAAL |
| 005 |
20160423191553.0 |
| 008 |
150204s1993 cou b 001 0 eng |
| 010 |
|
|
|a 93016423
|
| 020 |
|
|
|a 0861870964
|
| 020 |
|
|
|a 0813319331 (hb)
|
| 020 |
|
|
|a 081331934X (pb)
|
| 040 |
|
|
|a DLC
|c DLC
|d DLC
|d BD-DhAAL
|
| 050 |
0 |
0 |
|a JA83
|b .C637 1993
|
| 082 |
0 |
0 |
|a 320.5
|2 20
|
| 245 |
0 |
0 |
|a Contemporary political ideologies /
|c edited by Roger Eatwell and Anthony Wright.
|
| 260 |
|
|
|a Boulder :
|b Westview Press,
|c 1993.
|
| 300 |
|
|
|a xi, 244 p. ;
|c 24 cm.
|
| 504 |
|
|
|a Includes bibliographical references and indexes.
|
| 541 |
|
|
|e 1111
|
| 650 |
|
0 |
|a Political science.
|9 7929
|
| 650 |
|
0 |
|a Right and left (Political science)
|9 7930
|
| 650 |
|
0 |
|a Ideology.
|9 7931
|
| 700 |
1 |
|
|a Eatwell, Roger.
|9 7932
|
| 700 |
1 |
|
|a Wright, Anthony,
|d 1948-
|9 7933
|
| 852 |
|
|
|a Savar Campus Library
|c General Shelf
|
| 942 |
|
|
|2 ddc
|c BK
|
| 999 |
|
|
|c 37470
|d 37470
|
| 952 |
|
|
|0 0
|1 0
|2 ddc
|4 0
|6 320_500000000000000_CON
|7 0
|9 58828
|a SCL
|b SCL
|c GEN
|d 2016-04-23
|e Gift:
|l 2
|m 2
|o 320.5 CON
|p 3020001111
|r 2025-08-12
|s 2025-07-17
|t 1
|w 2016-04-23
|y BK
|